| 000 | 00826nam a22002297a 4500 | ||
|---|---|---|---|
| 999 |
_c10380 _d10380 |
||
| 003 | AR-CdUCM | ||
| 008 | 190401b ||||| |||| 00| 0 spa d | ||
| 040 |
_aMUNICIPALIDAD PROVINCIAL DEL CUSCO _cBIBLIOTECA MUNICIPAL DEL CUSCO |
||
| 082 |
_a868.51 / _bES82Z |
||
| 100 |
_aEstrella, Omar _927195 |
||
| 245 |
_aZodiaco del hombre : _bPoemas / |
||
| 260 |
_aBuenos Aires : _bMundo America, _c1960. |
||
| 300 |
_a69 páginas ; _c21 cm. |
||
| 500 | _aDonación de la familia Nieto. Dedicatoria a Luis Nieto. | ||
| 505 | _aContenido: He seguido el proceso de mi alegría -- Cada generación trae atada -- Elogio de la mujer y de la primavera ... | ||
| 650 |
_aPoemas _9929 |
||
| 650 |
_aLiteratura Argentina _984 |
||
| 650 |
_aLiteratura Latinoamericana _9799 |
||
| 650 |
_aSiglo XX _98 |
||
| 942 |
_2ddc _cLIBROS |
||
| 945 | _acmm | ||